Business Trips English-French - Statistiques

Statistiques générales
  • Ce quiz a été pris 7 fois
  • Le résultat moyen est 3 sur 21
Statistiques - réponses
Hint Réponse % Correct
luxury luxe
57%
conference hall salle de conférence
57%
lecture conférence
43%
single room chambre simple
29%
smoke free non-fumeur
29%
to attend assister à
14%
location emplacement
14%
the venue le lieu
14%
sightseeing tourisme
14%
vacancy chambre libre
0%
guest client
0%
booked up complet (hôtel)
0%
convention congrès
0%
overnight du jour au lendemain
0%
exhibit exposer
0%
the porter le concierge
0%
to accommodate loger
0%
front desk réception
0%
concierge réceptionniste
0%
to check out régler sa facture
0%
resort station (balnéaire)
0%
Aucun quiz correspondant
Distribution des résultats
% des personnes avec chaque résultat
Percentile par nombre de réponses
Votre historique - résultats
Vous n’avez pas pris ce quiz